000 00732nam a22002417a 4500
003 UA-OsUOA
001 91760
007 ta
008 20121204b un ||||| |||| 00| 0 ukr d
100 _aГриньків О. О.
090 _a343.12
_bГ85
942 _cBK
040 _aUA-OsUOA
_bukr
_cUA-OsUOA
_dUA-OsUOA
245 _aЗаходи забезпечення безпеки у кримінальному судочинстві
_bмонографія
300 _a260 с.
955 _a1
041 _aukr
080 _a343.12
020 _a978-966-308-446-6
260 _aТернопіль
_bАстон
_c2012
650 7 _a343 Кримінальне право. Карні порушення
_2UDC
999 _c378006
_d378006